| 000 | 01245nam a2200337 i 4500 | ||
|---|---|---|---|
| 005 | 20220316235438.0 | ||
| 008 | 121119s1996 ck a gs 000 j spa d | ||
| 020 | _a9583003271 | ||
| 040 |
_aCO-BoRNBP _bspa _cCO-BoRNBP _erda |
||
| 041 | 0 | _aspa | |
| 100 | 1 |
_aGrimm, Jacob Ludwig Karl _d1785-1863 _eautor |
|
| 245 | 1 | 4 |
_aLos músicos de Brema y otros cuentos _cJacob y Wilhelm Grimm ; traducción, Jose A. Muñoz ; ilustraciones, Elvira Carmen Vargas |
| 250 | _aCuarta edición | ||
| 264 | 1 |
_aBogotá _bPanamericana _c1996 |
|
| 300 |
_a168 páginas _bilustraciones a color _c15 cm |
||
| 336 |
_atexto _btxt _2rdacontent |
||
| 337 |
_asin mediación _bn _2rdamedia |
||
| 338 |
_avolumen _bnc _2rdacarrier |
||
| 490 | _aCajón de cuentos | ||
| 650 | 1 | 4 |
_aCuentos infantiles alemanes _ySiglo XVIII _2LEMB |
| 650 | 1 | 4 |
_aLiteratura infantil alemana _ySiglo XVIII _2LEMB |
| 650 | 1 | 4 |
_aAnimales _vCuentos infantiles _2LEMB |
| 650 | 1 | 4 |
_2LEMB _aAsno _vCuentos infantiles |
| 650 | 1 | 4 |
_2LEMB _aSoldados _vCuentos infantiles |
| 650 | 1 | 4 |
_2LEMB _aReyes _vCuentos infantiles |
| 700 | 1 |
_aGrimm, Wilhelm _95335 |
|
| 700 | 1 |
_aVargas, Elvira Carmen, _eilustrador _9125645 |
|
| 700 | 1 |
_aMuñoz, José A., _etraductor _9125646 |
|
| 942 |
_2loc _cBKLIT |
||
| 084 | _aC GRI1 | ||
| 999 |
_c985 _d985 |
||